00466nam a2200145Ia 4500003000400000008004100004040001600045082001500061100002100076245011900097260004100216300001000257650002000267650003300287GCL140319s9999 xx 000 0 eng d aGCL / cGCL04a610.3bB B1 aBISHAY, MILAD GH10aBISHAY'S NEW ILLUSTRATED MEDICAL DICTIONARY: A VOCABULARY OF MEDICINE AND ITS ALLIED SCIENCES / cBISHAY, MILAD GH a[S.N] : bMILAD GH. BISHAY ، c1995 a800 P04aMEDICAL SCIENCE04aMEDICAL SCIENCE - DICTIONARY